| 000 | 00518nam a22001817a 4500 | ||
|---|---|---|---|
| 005 | 20251108164214.0 | ||
| 008 | 250721s1997 xx 000 0 ara d | ||
| 082 | 1 | 4 | _a218.2/طرط |
| 100 | 1 | _aالطرطوشي، أبو بكر محمد | |
| 245 | 1 | 0 | _aكتاب الحوادث و البدع / |
| 264 | 1 |
_aدمشق : _bدار الحكمة، _c1997. |
|
| 300 | _a144ص | ||
| 650 | 1 | 7 | _aالإسلام |
| 650 | 1 | 7 | _aالبدع |
| 700 | 1 |
_aالمدني، سليمان _eتحقيق |
|
| 942 |
_2ddc _cBK |
||
| 999 |
_c6310 _d6310 |
||